000
00276nam a22001217a 4500
008
160512b xxu||||| |||| 00| 0 eng d
020
_a
9781887725965
020
_a
1887725962
041
_a
eng
080
_a
61
245
_a
Issues earth science:
_c
LAB AIDS;
942
_2
udc
_c
BK
999
_c
2065
_d
2065